| 000 | 00562nam a2200169 i 4500 | ||
|---|---|---|---|
| 001 | 34739 | ||
| 003 | ES-MaACL | ||
| 005 | 20230906155004.0 | ||
| 007 | t| | ||
| 008 | 030207s1903 sp ||||1| spa d | ||
| 100 | 1 |
_aBonilla y San Martín, Adolfo, _d1875-1926 _930193 |
|
| 245 | 1 | 0 |
_aPlan de Derecho Mercantil de España y de las principales naciones de Europa y América / _cpor Adolfo Bonilla y San Martín. |
| 260 |
_aMadrid : _b[s.n., _c1903] ( _fJosé Perales) |
||
| 300 |
_a128 p. ; _c22 cm. |
||
| 852 |
_aES-MaACL _jF-13700 |
||
| 999 |
_c34739 _d34739 |
||